Responses for Show #7437 - Tuesday, January 3, 2017

J!Buzz: Jeopardy Team Lego Minifigures.

Contestants

[<< previous game]

Amanda Berofsky, a quality assurance analyst from Waterford, Michigan

Rebecca Glass, an administrator from New York, New York

Gavin Mulligan, a software engineer from Parker, Colorado (whose 1-day cash winnings total $15,800)

[next game >>]

Jeopardy! Round responses

AFTER THE CABINET
MOVIE NUMBERS
LITERATURE IN ACTION
HOMONYMS
CAPITAL CITY HOTELS
LEGO
(Jimmy: Lego.) (Sarah: How the company keeps building the memories of each new generation.)
    $200 19
Dick Cheney

Rebecca =)
    $200 1
22

Amanda
    $200 8
the Iliad

Rebecca =)
    $200 10
a cruise

Rebecca =)
    $200 3
Athens

Amanda
    $200 26
Danish

Gavin
    $400 20
Nuremberg

Rebecca =)
    $400 2
(Rebecca: What is 172 Hours?)

127

Rebecca =)Amanda
    $400 9
Rambo

Amanda
    $400 14
to flounder

Triple Stumper
    $400 4
Cairo

Amanda
    $400 27
the Taj Mahal

Amanda
    $600 21
Harvard

Rebecca =)
    $600 16
1492

Rebecca =)
    $600 11
(Rebecca: What is Jurassic Park?)

The Lost World

GavinRebecca =)
    $600 15
a groom

Gavin
    $600 5
Moscow

Amanda
    $600 28
Galileo

Gavin
    $800 22
Robert Todd Lincoln

Triple Stumper
    $800 17
47

Rebecca =)
    $800 12
the French and Indian War

Gavin
    $800 24
stalk

Triple Stumper
    $800 6
(Amanda: What is Amsterdam?)

Berlin

Amanda
Triple Stumper
    $800 29
renewable energy

Amanda
    $1,000 23
Madeleine Albright

Rebecca =)
    $1000 18
5000

Triple Stumper
    $1000 13
(Gavin: What is Gone Girl?)

Death Wish

Gavin
Triple Stumper
    $1000 25
(Gavin: What is a gaggle?)

a skein

Gavin
Triple Stumper
    $1000 7
Edinburgh

Rebecca =)
    $1000 30
MIT

Gavin

Scores at the first commercial break (after clue 15):

Gavin Rebecca =) Amanda
$1,000 $400 $1,400

Scores at the end of the Jeopardy! Round:

Gavin Rebecca =) Amanda
$1,800 $4,000 $2,600

Double Jeopardy! Round responses

AFTER THE CABERNET
ANCIENT BABYLON
ART & ARTISTS
ALL THE SINGLES LADIES
16th CENTURY BOOKSHELF
IT'S "TWIN"s!
    $400 26
the cheese course

Gavin
    $400 17
Hammurabi

Rebecca =)
    $400 5
the Venus de Milo

Rebecca =)
    $400 10
Katy Perry

Amanda
    $400 2
(Gavin: What is a cookbook?)

a dictionary

GavinAmanda
    $400 1
identical twins

Rebecca =)
    $800 27
salad

Gavin
    $2,000 18
(Rebecca: What is the Tigris?)

the Euphrates

Rebecca =)
    $800 6
the Virgin Mary

Amanda
    $800 11
"Vogue"

Gavin
    $800 3
(Rebecca: What is Macbeth?)
(Gavin: What is Othello?)

Hamlet

GavinRebecca =)
Triple Stumper
    $800 22
the Minnesota Twins

Amanda
    $1200 19
(Gavin: What is a ziggurat?)

the Hanging Gardens

GavinRebecca =)
    $1200 7
seascape

Triple Stumper
    $1200 12
Katrina

Amanda
    $1200 4
(Edmund) Spenser

Rebecca =)
    $1200 23
a twinge

Gavin
    $1600 28
(Gavin: What is menthe?)
[The end-of-round signal sounds.]

cassis

Gavin
Triple Stumper
    $1600 20
Ishtar

Triple Stumper
    $2,000 8
(Salvador) Dali

Amanda
    $1600 13
Sia (Furler)

Gavin
    $1600 16
Rabelais

Triple Stumper
    $1600 24
(Alex: Less than a minute now.)

a twinset

Amanda
    $2000 21
a ziggurat

Rebecca =)
    $2000 9
(Rebecca: Who is Picasso?)

Marcel Duchamp

Rebecca =)
Triple Stumper
    $2000 14
(Rebecca: Who is Jessie J?)
(Amanda: Who is Nicki Minaj?)

Ariana Grande

Rebecca =)Amanda
Triple Stumper
    $2000 15
Vasari

Rebecca =)
    $2000 25
the Bobbsey Twins

Gavin

Scores at the end of the Double Jeopardy! Round:

Gavin Rebecca =) Amanda
$4,600 $4,800 $7,800

[wagering suggestions for these scores]

Final Jeopardy! Round responses

WORLD CITIES
(Alex: You know Václavské better as Wenceslas.)
GavinWhat is St Petersburg
$4,598
Rebecca =)What is Moscow
$4,500
AmandaWhat is Budapest?
$1,801
Prague

Final scores:

Gavin Rebecca =) Amanda
$2 $300 $5,999
3rd place: $1,000 2nd place: $2,000 New champion: $5,999

Game dynamics:

Coryat scores:

Gavin Rebecca =) Amanda
$4,600 $6,800 $7,400
12 R,
6 W
16 R
(including 1 DD),
6 W
(including 1 DD)
15 R
(including 1 DD),
2 W

Combined Coryat: $18,800

[game clues] [game scores] [suggest correction]

Game tape date: Unknown
The J! Archive is created by fans, for fans. Scraping, republication, monetization, and malicious use prohibited; this site may use cookies and collect identifying information. See terms. The Jeopardy! game show and all elements thereof, including but not limited to copyright and trademark thereto, are the property of Jeopardy Productions, Inc. and are protected under law. This website is not affiliated with, sponsored by, or operated by Jeopardy Productions, Inc. Join the discussion at JBoard.tv.